| 000 | 00402cam a2200181ua 4500 | ||
|---|---|---|---|
| 020 | _cRs. 1.75 | ||
| 041 |
_amal _h |
||
| 082 |
_a894.8122 _bSRE/BO |
||
| 100 | _aSreedharan, Perumbadam . | ||
| 245 | _aBodhivriksham | ||
| 250 |
_a1 / _b. |
||
| 260 |
_aTrichur : _bCurrent books , _c1966. |
||
| 300 | _a121 ; . | ||
| 365 | _aRs. 1.75 | ||
| 504 | _a | ||
| 942 | _cBK | ||
| 999 |
_c306 _d306 |
||